Detalles MARC
| 000 -LÍDER |
| Campo fijo de descripción fija |
01747nam a22003617i 4500 |
| 001 - NÚMERO DE CONTROL |
| Campo de control |
768714001 |
| 003 - IDENTIFICADOR DEL NÚMERO DE CONTROL |
| Campo de control |
CO-MdFUSB |
| 005 - FECHA Y HORA DE LA ULTIMA TRANSACCIÓN |
| control field |
20230331062545.0 |
| 008 - ELEMENTOS DE LONGITUD FIJA -- INFORMACIÓN GENERAL |
| Campo fijo de descripción fija -- Información general |
170721b2016 ck ||||| |||| 00| 0 spa d |
| 020 ## - NÚMERO INTERNACIONAL NORMALIZADO PARA LIBROS |
| Número Internacional Normalizado del libro |
9781944589133 |
| 040 ## - FUENTE DE CATALOGACIÓN |
| Agencia de catalogación original |
CO-MdFUSB |
| Idioma de catalogación |
spa |
| Agencia que realiza la transcripción |
CO-MdFUSB |
| Agencia que realiza la modificación |
CO-MdFUSBC |
| Convenciones de la descripción |
rda |
| 041 ## - CÓDIGO DE IDIOMA |
| Código de idioma para texto/pista de sonido o título separado |
spa |
| 082 ## - NÚMERO DE CLASIFICACIÓN DECIMAL DEWEY |
| Número de la edición del Dewey |
24 |
| Número de clasificación |
241.66 |
| Clave de autor-Numero de item |
D529 |
| 100 1# - ASIENTO PRINCIPAL--NOMBRE PERSONAL |
| Nombre personal |
DeYoung, Kevin |
| Fechas asociadas con el nombre |
1977- |
| Término relacionador |
autor |
| 240 ## - TITULO UNIFORME |
| Título uniforme |
<a href="What Does the Bible Really Teach about Homosexuality?">What Does the Bible Really Teach about Homosexuality?</a> |
| 245 #1 - TÍTULO |
| Título del Material |
¿Qué enseña la biblia realmente acerca de la homosexualidad? |
| Mención de responsabilidad, etc. |
/ Kevin Deyoung ; traducido por: Elvis Carballosa |
| 264 #1 - PRODUCCIÓN, PUBLICACIÓN, DISTRIBUCIÓN, MANUFACTURA, Y COPYRIGHT |
| Lugar de producción, publicación, distribución, manufactura |
Colombia : |
| Nombre del productor, publicador, distribuidor |
Poiema |
| Fecha de producción, publicación, distribución, manufactura, o copyright |
[2016] |
| 264 #4 - PRODUCCIÓN, PUBLICACIÓN, DISTRIBUCIÓN, MANUFACTURA, Y COPYRIGHT |
| Fecha de producción, publicación, distribución, manufactura, o copyright |
©2016 |
| 300 ## - DESCRIPCIÓN FÍSICA |
| Extensión |
159 páginas |
| Dimensiones |
: 21 cm. |
| Otros detalles físicos |
: |
| 336 ## - TIPO DE CONTENIDO |
| Fuente |
rdacontent |
| Término de tipo de contenido |
|
| Código de tipo de contenido |
|
| 337 ## - TIPO DE MEDIO |
| Fuente |
rdamedia |
| Nombre del tipo de medio |
|
| Código del tipo de medio |
|
| 338 ## - TIPO DE SOPORTE |
| Fuente |
rdacarrier |
| Nombre del tipo de soporte |
|
| Código Tipo de soporte |
|
| 505 ## - NOTA DE CONTENIDO |
| Información miscelánea |
Parte 1: |
| Título |
Entendiendo la palabra de Dios. |
| 505 ## - NOTA DE CONTENIDO |
| Nota de contenido con formato preestablecido |
Un hombre y una mujer, una sola carne (Gén 1-2) -- Aquellas ciudades infames (Gén 19) -- Un libro extraño para tomar en serio (Lev 18, 20) -- El camino de Romanos en una dirección contraria (Rom 1) -- Una palabra nueva desde un antiguo lugar (1 Co 6; 1 Ti 1). |
| 505 ## - NOTA DE CONTENIDO |
| Información miscelánea |
Parte 2: |
| Título |
Respondiendo las objeciones. |
| 505 ## - NOTA DE CONTENIDO |
| Nota de contenido con formato preestablecido |
"La Biblia casi ni menciona la homosexualidad" -- "No es ese tipo de homosexualidad" -- "¿Qué hay de la glotonería y del divorcio?" -- "Se supone que la iglesia es para personas deshechas" -- "Estás en el lado equivocado de la historia" -- "No es justo" -- "El Dios que yo adoro es un Dios de amor" -- Conclusión: Caminando juntos en gracia y en verdad. |
| 563 ## - NOTA DE ENCUADERNACIÓN |
| Nota de encuadernación |
rústico |
| 650 #0 - ASIENTO SECUNDARIO DE MATERIA - TERMINO TEMÁTICO |
| 9 (RLIN) |
19 |
| Término temático o nombre geográfico como elemento de entrada |
Vida cristiana |
| 650 #7 - ASIENTO SECUNDARIO DE MATERIA - TERMINO TEMÁTICO |
| Término temático o nombre geográfico como elemento de entrada |
Ética cristiana |
| Fuente del encabezamiento o término |
|
| 9 (RLIN) |
185 |
| 653 ## - TÉRMINO DE INDIZACIÓN - NO CONTROLADO |
| Término no controlado |
Homosexualidad |
| 720 ## - ASIENTO SECUNDARIO - NOMBRE NO CONTROLADO |
| Nombre |
Carballosa, Elvis L. |
| Término de relación |
traductor |
| 942 ## - TIPO DE MATERIAL (KOHA) |
| Tipo de Item KOHA |
Libros General |